Thanh niên - lối sống

Sparad:
Bibliografiska uppgifter
Huvudupphovsman: Nguyễn, Thị Oanh
Materialtyp: Bok
Språk:Undetermined
Publicerad: Tp. HCM Trẻ 2001
Ämnen:
Taggar: Lägg till en tagg
Inga taggar, Lägg till första taggen!
Thư viện lưu trữ: Trung tâm Học liệu Trường Đại học Cần Thơ
LEADER 00599nam a2200205Ia 4500
001 CTU_47067
008 210402s9999 xx 000 0 und d
082 |a 305.235 
082 |b O.107 
100 |a Nguyễn, Thị Oanh 
245 0 |a Thanh niên - lối sống 
245 0 |c Nguyễn Thị Oanh 
260 |a Tp. HCM 
260 |b Trẻ 
260 |c 2001 
526 |a Xã hội học lối sống,Xã hội học văn hóa 
526 |b XN372,XN352 
650 |a Thanh niên 
650 |z Việt Nam,Vietnam 
980 |a Trung tâm Học liệu Trường Đại học Cần Thơ